|
|
|
|
| LEADER |
00000cas a2200000 a 4500 |
| 001 |
vtls008172212 |
| 003 |
SK-MaSNL |
| 005 |
20260425194305.0 |
| 008 |
050411c199u9999xo ar 000 b0slo |
| 035 |
|
|
|a SPKKN8654
|
| 040 |
|
|
|a SPKKN
|b slo
|c SNK
|d SPK
|d SNK
|e AACR2
|
| 041 |
0 |
|
|a slo
|
| 044 |
|
|
|a xo
|c SK
|
| 080 |
|
|
|a 376.1
|2 2001
|
| 080 |
|
|
|a (437.6)
|2 2001
|
| 080 |
|
|
|a (058)
|2 2001
|
| 245 |
0 |
0 |
|a Špeciálne školy v školskom roku ...
|
| 260 |
|
|
|a Bratislava
|b Ústav informácií a prognóz školstva, mládeže a telovýchovy
|
| 300 |
|
|
|a zv.
|b tab.
|c 30 cm
|
| 500 |
|
|
|a Súčasťou názvu je označenie školského roku
|
| 500 |
|
|
|a Sprac.: Čambalová Mária
|
| 650 |
0 |
7 |
|a špeciálne školy
|2 SNKPH
|9 60361
|
| 651 |
|
7 |
|a Slovensko
|2 SNKPHgeo
|9 14231
|
| 655 |
|
7 |
|a ročenky
|2 SNKPH
|9 57146
|
| 700 |
1 |
|
|a Čambalová, Mária
|4 com
|9 274179
|
| 850 |
|
|
|a Slovenská pedagogická knižnica Bratislava
|b KIS3GMM
|
| 910 |
|
|
|a spkonkat
|
| 910 |
|
|
|a snk
|
| 999 |
|
|
|c 9719
|d 11649
|
| 952 |
|
|
|a SNK
|b SNK
|y PREZ
|7 0
|p 17A0563300
|o snkČSB 5581/1994-1995
|i snk2007/25617
|8 1
|0 0
|1 0
|4 0
|d 2007-11-22
|l 0
|r 2026-02-21 20:21:25
|w 2026-02-21
|
| 952 |
|
|
|a SNK
|b SNK
|y PREZ
|7 0
|p 17A0563301
|o snkČSB 5581/1995-1996
|i snk2007/25618
|8 1
|0 0
|1 0
|4 0
|d 2007-11-22
|l 0
|r 2026-02-21 20:21:25
|w 2026-02-21
|